| 000 | 00480nam a2200193Ia 4500 | ||
|---|---|---|---|
| 008 | 230125s9999 xx 000 0 und d | ||
| 020 | _a81-7809-103-8 | ||
| 041 | _aeng | ||
| 082 |
_a658 _bBEA |
||
| 100 |
_aBeatty J _9113599 |
||
| 245 | _aThe World According to Drucker | ||
| 260 |
_c2001 _bMagna books pub co. _aMumbai |
||
| 300 | _a204p | ||
| 500 | _aGeneral Management | ||
| 650 | _aManagement | ||
| 700 |
_aBeatty J _9113599 |
||
| 906 | _b26 | ||
| 999 |
_c90832 _d90832 |
||